Normal view
MARC view
- FRACTURE MECHANICS- CONGRESSES, MATERIALS FATIGUE TESTING- CONGRESSES
Entry Topical Term
001 - CONTROL NUMBER
- control field: 61117
003 - CONTROL NUMBER IDENTIFIER
- control field: NUST
005 - DATE AND TIME OF LATEST TRANSACTION
- control field: 20210628202708.0
008 - FIXED-LENGTH DATA ELEMENTS
- fixed length control field: 210628|| aca||aabn | a|a d
040 ## - CATALOGING SOURCE
- Original cataloging agency: NUST
- Transcribing agency: NUST
150 ## - HEADING--TOPICAL TERM
- Topical term or geographic name entry element: FRACTURE MECHANICS- CONGRESSES, MATERIALS FATIGUE TESTING- CONGRESSES
670 ## - SOURCE DATA FOUND
- Source citation: Work cat.: (NUST): Allison, John E Larsen, James M 61116, Small crack test methods, 1992
